00281nam a2200109Ia 4500008004100000020001800041082001200059100001500071245005500086260000800141500002200149260604s9999 xx 000 0 und d a9783031691652 a330 BLE aBLEICHRODT 0aBEHAVIOURAL ECONOMICS ADVANCED ECONOMIC POL.& THEO bPAL aEconomy, Behavior